000 00423nam a2200205Ia 4500
001 000835
003 YMCAF
005 20230512160036.0
008 100717s1971 ||||||||||||||||| ||und|d
024 _a835
035 _a817
040 _aYMCAF
_beng
_cIN-KoLT
041 _aeng
082 _aARE-KER
100 _aKERWIN HARRY
245 0 _aARE AND ACETYLENE WE..
260 _c1971
300 _a240
942 _2ddc
_cBK
999 _c651
_d651